000 00966nam a2200265Ia 4500
003 OSt
005 20221005110417.0
006 a|||||r|||| 00| 0
007 ta
008 221004b |||||||| |||| 00| 0 hin d
020 _a9788189859640 (hbk)
_c275
024 _a94168
037 _bB281, 24/01/2009, Bharat Pustak Bhandar
_cTextual
040 _aCRL
_cCRL
_bhin
041 _2hin
_ahin
082 _aO152,3N247w, P8
100 _aमिश्र, रामदरश
245 0 _aमेरे साक्षात्कार
246 _aMere sākṣhātkāra
260 _aनई दिल्ली
_bकिताबघर प्रकाशन भारत
_c2008
300 _a219पृ0
_ccm.
490 _aमेरे साक्षात्कार सीरीज़
942 _hO152,3N247w, P8
_cTEXL
_2cc
999 _c1018720
_d1018720